Bilecik Bilecik Bilecik Bilecik Bilecik

Siyaset penceresinden Türkiye/ (Record no. 3577)

MARC details
000 -BAŞLIK
Sabit Uzunluktaki Kontrol Alanı 01041nam a22003377a 4500
001 - KONTROL NUMARASI
Control Dosyası 0003593
003 - KONTROL NUMARASI KİMLİĞİ
Kontrol Alanı KOHA_MİRAKIL
005 - EN SON İŞLEM TARİHİ ve ZAMANI
Kontrol Alanı 20260207001341.0
007 - FİZİKSEL TANIM SABİT ALAN - GENEL BİLGİ
Sabit uzunluklu kontrol alanı ta
008 - SABİT UZUNLUKTAKİ VERİ ÖGELERİ - GENEL BİLGİ
Sabit Alan 090413b2002 tu |||gr||||#0|||0|tur |
020 ## - ISBN - ULUSLARARASI STANDART KİTAP NUMARASI
Isbn 09758513354
040 ## - KATALOGLAMA KAYNAĞI
Özgün Kataloglama Kurumu TR-BiSEU
Kataloglama Dili tur
Çeviri Kurumu TR-BiSEU
Açıklama Kuralları rda
041 0# - DİL KODU
Metin ya da ses kaydının dil kodu tur
044 ## - YAYINLAYAN/ÜRETEN KURULUŞUN ÜLKE KODU
ISO country code tu
050 ## - SINIFLAMA ve YER NUMARASI
Sınıflama Numarası DR603
Yer Numarası .D39 2002
100 1# - KİŞİ ADI
Yazar Adı (Kişi adı) Dayanıklı, Bayram Fırat.
245 1# - ESER ADI BİLDİRİMİ
Başlık Siyaset penceresinden Türkiye/
Sorumluluk Bildirimi Bayram Fırat Dayanıklı ; Bayram Fırat Dayanıklı.
264 #1 - ÜRERİM, YAYIN, DAĞITIM ve TELİF BİLDİRİMİ
Yayın yeri İstanbul :
Yayınlayan Okumuş Adam Yayınları
Yayın tarihi 2002
300 ## - FİZİKSEL TANIMLAMA
Sayfa, Cilt vb. 350 sayfa
336 ## - İÇERİK TÜRÜ
Content type term metin
Content type code txt
Source rdacontent
337 ## - MEDYA TÜRÜ
Media type term aracısız
Media type code n
Source rdamedia
338 ## - TAŞIYICI TÜRÜ
Carrier type term cilt
Carrier type code nc
Source rdacarrier
490 1# - DİZİ BİLDİRİMİ
Dizi Bildirimi Okumuş Adam yayınları ;
Cilt Numarası 13.
490 1# - DİZİ BİLDİRİMİ
Dizi Bildirimi Güncel dizi ;
Cilt Numarası 4.
650 #0 - KONU BAŞLIĞI EK GİRİŞ - KONU TERİMİ
Konusal terim veya coğrafi ad Türkiye--Politika ve yönetim 1980-
9 (RLIN) 8740
650 #0 - KONU BAŞLIĞI EK GİRİŞ - KONU TERİMİ
Konusal terim veya coğrafi ad Turkey--Politics and government 1980-
9 (RLIN) 7392
830 1# - SERİ EK GİRİŞİ - TEKBİÇİM ESER ADI
Tekbiçim Başlık Okumuş Adam yayınları ;
Volume number/sequential designation 13.
9 (RLIN) 7147
830 1# - SERİ EK GİRİŞİ - TEKBİÇİM ESER ADI
Tekbiçim Başlık Güncel dizi ;
Volume number/sequential designation 4.
9 (RLIN) 8741
907 ## - LOCAL DATA ELEMENT G, LDG (RLIN)
a Tarih
942 ## - EK GİRİŞ ÖGELERİ (KOHA)
Source of classification or shelving scheme Library of Congress Classification
Koha item type Book
Holdings
Materyal Türü Kalıcı Konum Mevcut Konum Raf Yeri Sınıflandırma Kaynağı Edinim Bilgisi Ana Konular Alt Konular Yer Numarası Demirbaş Numarası Fatura Tarihi Maliyet, Alış Fiyatı Maliyet, Yenileme Fiyatı Geri Çekilme Durumu Kayıp Durumu Hasarlı Durumu Kredi için değil Kayıt Tarih Toplam Ödünçverme Son Görülme Tarihi Son Kontrol Tarihi Genel / Bağış Notu
Book Prof. Dr. Azmi Özcan Kütüphanesi Prof. Dr. Azmi Özcan Kütüphanesi Uluğbey Salonu Library of Congress Classification Bağış DÜNYA TARİHİ (AVRUPA, ASYA, AFRİKA VB.) Balkan Yarımadası DR603 .D39 2002 0003593 13/08/2010 6.00 6.00         13/04/2009 7 26/05/2025 26/05/2025 Genel Bağış